| 000 | 00549nam a2200205Ia 4500 | ||
|---|---|---|---|
| 003 | OSt | ||
| 005 | 20241129101127.0 | ||
| 008 | 210716s1995 xx 000 0 und d | ||
| 020 | _a0061092509 | ||
| 040 | _cAIMIT LIBRARY | ||
| 041 | _aeng | ||
| 082 |
_a808.83 _21 _bBRAB |
||
| 100 |
_aBranon, Bill. _9187174 |
||
| 245 |
_aLet us prey / _cBy Bill Branon. |
||
| 250 | _a1st ed. | ||
| 260 |
_aNew York : _bHarperCollins publishers ; _c1995. |
||
| 300 |
_a340p. ; _bPB _c17 cm. |
||
| 650 |
_aNovels _9187175 |
||
| 942 |
_2ddc _cBK _e1st ed. _k808.83 BRAB |
||
| 999 |
_c200024 _d200024 |
||